| 000 | 00500nam a2200205Ia 4500 | ||
|---|---|---|---|
| 003 | OSt | ||
| 005 | 20140311163112.0 | ||
| 008 | 140130s9999 xx 000 0 und d | ||
| 020 | _a0439588952 | ||
| 050 |
_aPZ 7 _b.R8139Mj 2001 |
||
| 100 |
_aRoy, Ron _930913 |
||
| 245 |
_aThe missing mummy / _cRoy, Ron |
||
| 260 |
_bScholastic, _c2001. _aNew York : |
||
| 300 |
_a85 p. : _bill. ; _c18 cm. |
||
| 440 |
_v1 _930914 |
||
| 521 | _aG3 | ||
| 526 | _c510 | ||
| 942 |
_cBK-SCHOLAS _2lcc |
||
| 999 |
_c40574 _d40574 |
||